Male Kpop Idols by picture Pt.2 Quiz Stats

Quiz not verified by Sporcle

Challenge
Share
Tweet
Score 0/20 Timer 10:00
0 Plays Today
% Correct
Sehun
96.6%
Jungkook
92.3%
Daesung
91.9%
Taemin
88.9%
Ravi
84.8%
Taehyun
74.9%
Dino
71.4%
Yoseob
69.9%
Taeil
69.5%
Jackson
67.4%
% Correct
Sungjong
67%
Ren
65.8%
Hyungwon
60.5%
Ricky
58.4%
Himchan
56%
Leeteuk
52.5%
Jae
51.2%
Changsub
37.5%
Hansol
35.9%
Shin
25.8%

You're not logged in!

Compare scores with friends on all Sporcle quizzes.
Sign Up with Email
OR
Log In

You Might Also Like...

Show Comments

Extras

Top Quizzes Today


Score Distribution

Your Account Isn't Verified!

In order to create a playlist on Sporcle, you need to verify the email address you used during registration. Go to your Sporcle Settings to finish the process.